000 00767nam a2200193Ia 4500
008 151121s9999||||xx |||||||||||||| ||und||
082 _a920/साळुंके
082 _bHNW-114995
100 _aसाळुंके विलास
245 _aस्टीव्ह जॉब्झ अधिकृत चरित्र
260 _b"डायमंड बुक स्टॉल, सांगली।"
260 _c2013
300 _a615
600 _aसाळुंके विलास
630 _aस्टीव्ह जॉब्झ अधिकृत चरित्र
700 _aसाळुंके विलास
730 _aस्टीव्ह जॉब्झ अधिकृत चरित्र
942 _cBOOK
999 _c1263787
_d1263784